Database system concepts (Record no. 489)

000 -LEADER
fixed length control field 00571nam a22002297a 4500
001 - CONTROL NUMBER
control field 489
003 - CONTROL NUMBER IDENTIFIER
control field BD-DhUET
008 - FIXED-LENGTH DATA ELEMENTS--GENERAL INFORMATION
fixed length control field 140722b xxu||||| |||| 00| 0 eng d
020 ## - INTERNATIONAL STANDARD BOOK NUMBER
International Standard Book Number 007124476X
040 ## - CATALOGING SOURCE
Transcribing agency 0
Modifying agency BD-DhUET
082 ## - DEWEY DECIMAL CLASSIFICATION NUMBER
Classification number 005.74
Item number SIL/2006
100 ## - MAIN ENTRY--PERSONAL NAME
Personal name Silberschatz, Abraham
245 ## - TITLE STATEMENT
Title Database system concepts
250 ## - EDITION STATEMENT
Edition statement 5th ed.
260 ## - PUBLICATION, DISTRIBUTION, ETC. (IMPRINT)
Place of publication, distribution, etc. Boston
Name of publisher, distributor, etc. McGraw-Hill
Date of publication, distribution, etc. 2006
300 ## - PHYSICAL DESCRIPTION
Extent xxvi,1142p.
Other physical details ill.
504 ## - BIBLIOGRAPHY, ETC. NOTE
Bibliography, etc Includes bibliographies
650 #0 - SUBJECT ADDED ENTRY--TOPICAL TERM
Topical term or geographic name as entry element Database management
700 ## - ADDED ENTRY--PERSONAL NAME
Personal name Korth, Henry F.
700 ## - ADDED ENTRY--PERSONAL NAME
Personal name Sudarshan, S.
942 ## - ADDED ENTRY ELEMENTS (KOHA)
Koha item type General Book
Holdings
Lost status Koha full call number Koha renewals Withdrawn status Koha date last seen Source of classification or shelving scheme Damaged status Location (home branch) Price effective from Koha issues (times borrowed) Piece designation (barcode) Koha normalized classification for sorting Shelving location Copy number Sublocation or collection (holding branch) Date acquired Koha item type Not for loan Koha date last borrowed
 007.74/SIL/2006  2014-07-22  Central Library, BUET2014-07-22 103320007_000000000000000_74SIL2006Circulation section1Central Library, BUET2014-07-22General Book  
 007.74/SIL/20062 2016-12-24  Central Library, BUET2014-07-22 103321007_000000000000000_74SIL2006Circulation section2Central Library, BUET2014-07-22General Book  
 005.74 SIL/2006  2014-08-25  Central Library, BUET2014-08-25 103322005_740000000000000_SIL2006Circulation section3Central Library, BUET2014-08-25General Book  
 005.74/SIL/2006  2021-12-18  Central Library, BUET2014-08-251103323005_000000000000000_74SIL2006Circulation section4Central Library, BUET2014-08-25General Book 2021-12-04
 005.74/SIL/2006  2014-08-25  Central Library, BUET2014-08-25 103324005_000000000000000_74SIL2006Circulation section5Central Library, BUET2014-08-25General Book  
 005.74/SIL/2006  2014-08-25  Central Library, BUET2014-08-25 103325005_740000000000000_SIL_2006Circulation section6Central Library, BUET2014-08-25General Book  
 005.74/SIL/2006  2017-07-16  Central Library, BUET2014-08-251103326005_740000000000000_SIL_2006Circulation section7Central Library, BUET2014-08-25General Book 2017-07-01
 005.74/SIL/2006  2014-08-25  Central Library, BUET2014-08-25 103327005_000000000000000_74SIL2006Circulation section8Central Library, BUET2014-08-25General Book  
 005.74/SIL/2006  2014-08-25  Central Library, BUET2014-08-25 103328005_000000000000000_74SIL2006Circulation section9Central Library, BUET2014-08-25General Book  
 005.74/SIL/2006  2014-08-25  Central Library, BUET2014-08-25 103329005_000000000000000_74SIL2006Circulation section10Central Library, BUET2014-08-25General Book  
 005.74/SIL/2006  2015-06-09  Central Library, BUET2015-06-09 102172005_740000000000000_SIL_2006Reading section11Central Library, BUET2015-06-09Reading Item  
 005.74/SIL/2006  2015-06-09  Central Library, BUET2015-06-09 102554005_740000000000000_SIL_2006Reading section12Central Library, BUET2015-06-09Reading Item